The autistic child (Record no. 159)
[ view plain ]
| 000 -LEADER | |
|---|---|
| fixed length control field | 00568nam a2200193 a 4500 |
| 005 - DATE AND TIME OF LATEST TRANSACTION | |
| control field | 20260322212008.0 |
| 008 - FIXED-LENGTH DATA ELEMENTS--GENERAL INFORMATION | |
| fixed length control field | data |
| 010 ## - LIBRARY OF CONGRESS CONTROL NUMBER | |
| LC control number | 70-094215 |
| 096 ## - LOCALLY ASSIGNED NLM-TYPE CALL NUMBER (OCLC) | |
| Classification number | WS 350 K954a 1970 |
| 001 - CONTROL NUMBER | |
| control field | data |
| 100 1# - MAIN ENTRY--PERSONAL NAME | |
| Personal name | Kugelmass, I. Newton |
| Dates associated with a name | 1896- |
| Fuller form of name | (Isaac Newton), |
| 245 14 - TITLE STATEMENT | |
| Title | The autistic child |
| Statement of responsibility, etc. | I. Newton Kugelmass. |
| 260 ## - PUBLICATION, DISTRIBUTION, ETC. | |
| Place of publication, distribution, etc. | Springfield, Ill. |
| Name of publisher, distributor, etc. | Thomas |
| Date of publication, distribution, etc. | 1970 |
| 300 ## - PHYSICAL DESCRIPTION | |
| Extent | xii, 371 p. : |
| Other physical details | illus. ; |
| Dimensions | 24 cm. |
| 490 0# - SERIES STATEMENT | |
| Series statement | American lecture series, publication no. 766 |
| 500 ## - GENERAL NOTE | |
| General note | Includes bibliographies. |
| 650 02 - SUBJECT ADDED ENTRY--TOPICAL TERM | |
| Topical term or geographic name entry element | Autistic Disorder |
| 650 02 - SUBJECT ADDED ENTRY--TOPICAL TERM | |
| Topical term or geographic name entry element | Schizophrenia, Childhood |
| Withdrawn status | Lost status | Damaged status | Not for loan | Home library | Current library | Shelving location | Date acquired | Total checkouts | Full call number | Barcode | Date last seen | Price effective from | Koha item type |
|---|---|---|---|---|---|---|---|---|---|---|---|---|---|
| Centerville | Centerville | General stacks | 22/03/2026 | GEN | BC0010164 | 22/03/2026 | 22/03/2026 | Books |